[Event "Fagernes Autumn op"]
[Site "Fagernes"]
[Date "2023.10.09"]
[Round "2"]
[White "Amundsen, Ask"]
[Black "Krishnan, Ritvik"]
[Result "0-1"]
[WhiteElo "1956"]
[BlackElo "2176"]
[PlyCount "96"]
[EventDate "2023.10.08"]
[EventType "swiss"]
[EventRounds "9"]
[EventCountry "NOR"]
[SourceTitle "Mega2024 Update 01"]
[Source "Chessbase"]
[SourceDate "2023.11.12"]
[SourceVersion "1"]
[SourceVersionDate "2023.11.12"]
[SourceQuality "1"]

1. Nf3 Nf6 2. g3 b6 3. Bg2 Bb7 4. 0-0 g6 5. b3 Bg7 6. Bb2 0-0 7. c4 e6 8. e3 d6 9. Qe2 a5 10. d3 Nbd7 11. Nbd2 Qe7 12. Rac1 e5 13. Rfd1 a4 14. b4 a3 15. Ba1 e4 16. dxe4 Nxe4 17. Bxg7 Kxg7 18. Nxe4 Bxe4 19. Qd2 Rfe8 20. Qd4+ Qf6 21. Ne1 Bxg2 22. Qxf6+ Kxf6 23. Kxg2 Ke7 24. Rc3 Ra4 25. Nc2 Rea8 26. Rb1 c5 27. bxc5 bxc5 28. Rbb3 Rb8 29. Rxa3 Rba8 30. e4 Ne5 31. Kf1 Nxc4 32. Rxc4 Rxa3 33. Nxa3 Rxa3 34. Rc2 Ke6 35. Ke2 Ke5 36. f3 f5 37. exf5 gxf5 38. Kf2 Kd5 39. h4 c4 40. h5 c3 41. g4 fxg4 42. fxg4 Ke4 43. g5 Kd3 44. Re2 c2 45. Re3+ Kd2 46. Rxa3 c1Q 47. Rg3 Qe1+ 48. Kg2 Qe2+ 0-1

[Event "Kragero op"]
[Site "Kragero"]
[Date "2022.02.27"]
[Round "9"]
[White "Alvanjyan, Aida"]
[Black "Amundsen, Ask"]
[Result "1-0"]
[WhiteElo "1566"]
[BlackElo "1819"]
[PlyCount "63"]
[EventDate "2022.02.23"]
[EventType "swiss"]
[EventRounds "9"]
[EventCountry "NOR"]
[SourceTitle "EXT 2023"]
[Source "ChessBase"]
[SourceDate "2022.10.05"]
[SourceVersion "1"]
[SourceVersionDate "2022.10.05"]
[SourceQuality "1"]

1. e4 c5 2. c3 Nf6 3. e5 Nd5 4. d4 cxd4 5. cxd4 e6 6. Nf3 d6 7. exd6 Bxd6 8. Nc3 Nxc3 9. bxc3 Qc7 10. Bd2 Nd7 11. Bd3 0-0 12. 0-0 b6 13. Re1 Bb7 14. Rc1 Bxf3 15. Qxf3 Bxh2+ 16. Kh1 Bd6 17. Re4 Rfe8 18. Rh4 g6 19. Re1 Nf8 20. Bh6 Be7 21. Rf4 f5 22. Bb5 Rec8 23. Bxf8 Bxf8 24. Qe3 Qxc3 25. Qxe6+ Kh8 26. Rh4 Qb4 27. Bf1 Qd6 28. Qf7 h6 29. Re6 Qd8 30. Rxg6 Qxh4+ 31. Kg1 Bd6 32. Qg7# 1-0

[Event "Oslo OSS-ch Junior-A"]
[Site "Oslo"]
[Date "2020.06.24"]
[Round "3"]
[White "Amundsen, Ask"]
[Black "Grave, Jacob Templen"]
[Result "0-1"]
[WhiteElo "1633"]
[BlackElo "2136"]
[PlyCount "54"]
[EventDate "2020.06.24"]
[EventType "swiss"]
[EventRounds "5"]
[EventCountry "NOR"]
[SourceTitle "EXT 2024"]
[Source "ChessBase"]
[SourceDate "2023.10.10"]
[SourceVersion "1"]
[SourceVersionDate "2023.10.10"]
[SourceQuality "1"]

1. e4 c6 2. d4 d5 3. exd5 cxd5 4. Bd3 Nc6 5. c3 Nf6 6. Bf4 Bg4 7. Qb3 Qc8 8. Nd2 e6 9. Ngf3 Be7 10. 0-0 Bh5 11. Rae1 0-0 12. Ne5 Nxe5 13. Bxe5 Bg6 14. Bxg6 hxg6 15. Bxf6 gxf6 16. f4 Qd7 17. Nf3 Bd6 18. Nh4 Kg7 19. Qd1 b5 20. f5 exf5 21. Qd3 Rae8 22. Nf3 Rh8 23. Rxe8 Qxe8 24. a3 Qe4 25. Qxb5 Rb8 26. Qc6 Rxb2 27. Rf2 Qe3 0-1

[Event "NOR-ch U12"]
[Site "Stavanger"]
[Date "2017.07.07"]
[Round "8"]
[White "Nesse, David"]
[Black "Amundsen, Ask"]
[Result "1-0"]
[WhiteElo "1629"]
[BlackElo "1015"]
[PlyCount "27"]
[EventDate "2017.07.01"]
[EventType "swiss"]
[EventRounds "9"]
[EventCountry "NOR"]
[SourceTitle "EXT 2024"]
[Source "ChessBase"]
[SourceDate "2023.10.10"]
[SourceVersion "1"]
[SourceVersionDate "2023.10.10"]
[SourceQuality "1"]

1. e4 e5 2. Nf3 Nc6 3. d4 exd4 4. Bc4 Nf6 5. 0-0 d6 6. Nxd4 Nxd4 7. Qxd4 Be6 8. Nc3 g6 9. Bg5 Bg7 10. e5 dxe5 11. Qxe5 Nh5 12. Qb5+ Bd7 13. Rfe1+ Kf8 14. Qc5+ 1-0